Vista normal
Vista MARC
Entrada Geographic Name
Número de registros utilizados en: 1
001 - CONTROL NUMBER
- control field: 11923
003 - CONTROL NUMBER IDENTIFIER
- control field: OSt
005 - DATE AND TIME OF LATEST TRANSACTION
- control field: 20201023174830.0
008 - FIXED-LENGTH DATA ELEMENTS
- fixed length control field: 201023|| aca||aabn | a|a d
040 ## - CATALOGING SOURCE
- Original cataloging agency: OSt
- Transcribing agency: OSt
151 ## - HEADING--GEOGRAPHIC NAME
- Geographic name: Caquetá (Colombia)
- General subdivision: historia
- Chronological subdivision: 1902-2002
670 ## - SOURCE DATA FOUND
- Source citation: Work cat.: (OSt)6298: Trejos Valencia, Jair, autor 10736, Florencia Caquetá 1902-2002 : , ©2002